000 00617cam a2200229 4500
001 B1579
008 090401t1982 xxu||||| |||| 00| 0 eng d
035 _a(Sirsi) u45316
041 _aeng
050 _a711.5520212
110 _aJones Lang Wootton
_92909
245 4 _aThe derivation of the total office stock in central London
260 _aLondon
_bJones Lang Wootton
_c1982
300 _a16 leaves : ill.,map ; 30cm.
350 _a0
490 _aCLOR Technical Paper
_v1
650 _aCENTRAL LONDON OFFICES RESEARCH
650 _aFLOORSPACE
650 _aOFFICES
942 _n0
948 _c04/03/1997
999 _c91684
_d91684